Words that Start the Same #2 - Statistics

General Stats
  • This quiz has been taken 74 times
    64 since last reset
  • The average score is 9 of 20
Answer Stats
Hint Answer % Correct
Bamboozle Bamboo
91%
Umbrette Umbrella
67%
Bedlamp Bedlam
64%
Antidora Antidote
55%
Gruesome Gruel
53%
Pandemic Pandemonium
52%
Schooner School
52%
Quiche Quick
50%
Bulgur Bulge
45%
Armada Armadillo
41%
Incorrigible Incorrect
40%
Psychotropic Psychotic
40%
Percoid Percolate
34%
Gherao Gherkin
28%
Bullweed Bullwhip
26%
Extinction Extinguish
26%
Glimmer Glimpse
26%
Antiquark Antiquary
24%
Zigging Ziggurat
24%
Jujuism Jujutsu/Jujubes
22%
No matching quizzes found
Score Distribution
Percent of People with Each Score
Percentile by Number Answered
Your Score History
You have not taken this quiz since the last reset